<?xml version="1.0" encoding="UTF-8"?>
<record
    xmlns:xsi="http://www.w3.org/2001/XMLSchema-instance"
    xsi:schemaLocation="http://www.loc.gov/MARC21/slim http://www.loc.gov/standards/marcxml/schema/MARC21slim.xsd"
    xmlns="http://www.loc.gov/MARC21/slim">

  <leader>00869nam a22002777a 4500</leader>
  <controlfield tag="001">00260</controlfield>
  <controlfield tag="003">DO-SdBPM</controlfield>
  <controlfield tag="005">20260420141902.0</controlfield>
  <controlfield tag="007">ta</controlfield>
  <controlfield tag="008">151207b1968 sp      ||||| |||| 00| 0 spa d</controlfield>
  <datafield tag="040" ind1=" " ind2=" ">
    <subfield code="a">DO-SdBPM</subfield>
    <subfield code="b">spa</subfield>
    <subfield code="c">BPMSU</subfield>
    <subfield code="e">rda</subfield>
  </datafield>
  <datafield tag="082" ind1="0" ind2="4">
    <subfield code="a">797.2</subfield>
    <subfield code="b">T425n 1968</subfield>
    <subfield code="2">22</subfield>
  </datafield>
  <datafield tag="100" ind1="1" ind2=" ">
    <subfield code="a">Thibault, Claude </subfield>
  </datafield>
  <datafield tag="245" ind1="1" ind2="0">
    <subfield code="a"> La nataci&#xF3;n /</subfield>
    <subfield code="c">Claude Thibault ; traducci&#xF3;n Fernando Moreno S&#xE1;nchez.</subfield>
    <subfield code="b"> </subfield>
  </datafield>
  <datafield tag="264" ind1=" " ind2=" ">
    <subfield code="a">Madrid.</subfield>
    <subfield code="b">Espasa Calpe,</subfield>
    <subfield code="c">1968.</subfield>
  </datafield>
  <datafield tag="300" ind1=" " ind2=" ">
    <subfield code="a">64 p&#xE1;ginas  :</subfield>
    <subfield code="b">ilustraci&#xF3;n., retratos. ;</subfield>
    <subfield code="c">18 cm. </subfield>
  </datafield>
  <datafield tag="336" ind1=" " ind2=" ">
    <subfield code="a">texto</subfield>
    <subfield code="b">txt</subfield>
    <subfield code="2">rdacontent</subfield>
  </datafield>
  <datafield tag="337" ind1=" " ind2=" ">
    <subfield code="a">sin mediaci&#xF3;n </subfield>
    <subfield code="b">n</subfield>
    <subfield code="2">rdamedia </subfield>
  </datafield>
  <datafield tag="338" ind1=" " ind2=" ">
    <subfield code="a">volumen </subfield>
    <subfield code="b">nc</subfield>
    <subfield code="2">rdacarrier </subfield>
  </datafield>
  <datafield tag="490" ind1=" " ind2=" ">
    <subfield code="a">Aprendalo por s&#xED; mismo</subfield>
    <subfield code="v">;2</subfield>
  </datafield>
  <datafield tag="590" ind1=" " ind2=" ">
    <subfield code="a">Invetariado, /VM 2026</subfield>
  </datafield>
  <datafield tag="650" ind1=" " ind2="7">
    <subfield code="a"> Nataci&#xF3;n</subfield>
  </datafield>
  <datafield tag="700" ind1="1" ind2="2">
    <subfield code="a">S&#xE1;nchez Moreno, Fern&#xE1;ndez </subfield>
  </datafield>
  <datafield tag="910" ind1=" " ind2=" ">
    <subfield code="a">VMateo V. Control de calidad. BPMSU </subfield>
  </datafield>
  <datafield tag="942" ind1=" " ind2=" ">
    <subfield code="2">ddc</subfield>
    <subfield code="c">BK</subfield>
  </datafield>
  <datafield tag="952" ind1=" " ind2=" ">
    <subfield code="0">0</subfield>
    <subfield code="1">0</subfield>
    <subfield code="2">ddc</subfield>
    <subfield code="7">0</subfield>
    <subfield code="8">CG</subfield>
    <subfield code="a">BPMET</subfield>
    <subfield code="b">BPMET</subfield>
    <subfield code="d">2015-12-07</subfield>
    <subfield code="e">Donaci&#xF3;n</subfield>
    <subfield code="l">0</subfield>
    <subfield code="o">BPMSU CG 797.2 T425n 1968</subfield>
    <subfield code="p">BPMSU15120046</subfield>
    <subfield code="r">2015-12-07</subfield>
    <subfield code="w">2015-12-07</subfield>
    <subfield code="y">BK</subfield>
  </datafield>
  <datafield tag="999" ind1=" " ind2=" ">
    <subfield code="c">9012</subfield>
    <subfield code="d">9012</subfield>
  </datafield>
</record>
